| 000 | 01645nam a2200277Ia 4500 | ||
|---|---|---|---|
| 003 | GCL | ||
| 008 | 140319s9999 xx 000 0 ara d | ||
| 040 |
_aGCL / _cGCL |
||
| 082 | 0 | 4 |
_aط _b910.92 _bس ر |
| 100 | 1 | _aمحمد قطب | |
| 245 | 1 | 0 |
_aالرحالة العرب والاجانب \ ابن ماجد اسد البحر العربى-ابن بطوطة رحلة الخمسة والعشرين عاما- البيرونى العالم الرحال - الادريسى والكرة المجسمة -ماركو بولو مكتشف الطريق الى الصين-كريستوفركولمبس-كارتيي مكتشف امريكا الشمالية-ستانلى مكتشف نهر الكنغو-بيرى مكتشف القطب الشمالى-دريك يطوف حول العالم- تاسمان مكتشف نيوزلندا-كوك مكتشف استراليا-اولارنا مكتشف نهر الامازون-جون سبيك مكتشف منابع النيل-فاسكودى جاما مكتشف طريق راس الرجاء الصالح / _cمحمد قطب |
| 700 | 1 | _aسامى البجيرمى | |
| 260 |
_aالقاهرة : _bالدار المصرية اللبنانية |
||
| 300 |
_aمتعدد ؛ _c24 سم |
||
| 490 |
_aالرحالة العرب والاجانب _v0 |
||
| 650 | 0 | 4 | _aالمكتشفون |
| 650 | 0 | 4 | _aابن بطوطة |
| 650 | 0 | 4 | _aالادريسى |
| 650 | 0 | 4 | _aابن ماجد |
| 650 | 0 | 4 | _aفاسكو داجاما |
| 650 | 0 | 4 | _aالكشوف الجغرافية |
| 650 | 0 | 4 | _aالبيرونى , ابوالريحان محمد |
| 650 | 0 | 4 | _aكولمبس , كرستوفر |
| 650 | 0 | 4 | _aكابتن كوك |
| 942 |
_2ddc _cBK |
||
| 999 |
_c44575 _d44575 |
||